000 01047camca22002415a 4500
001 L137822
008 100920c2009 xxkfr ws ss 000 00eng d
035 _a(Sirsi) u137822
041 0 _aeng
110 2 _aKing Sturge
_93877
245 0 0 _aIndustrial and distribution floorspace today
_h[electronic resource]
260 _aLondon
_bKing Sturge
_c2009-
362 0 _aApril 2009-
490 0 _aIndustrial and Distribution Floorspace Today
520 _aDiscusses trends for regional markets, including availability, outlooks, speculative development pipeline and investment market performance. Reports the total level of available industrial floorspace across Great Britain.
554 _aAnnual
650 2 4 _aKING STURGE INDUSTRIAL AND DISTRIBUTION FLOORSPACE TODAY
651 4 _aUnited Kingdom
_y
690 _aPROPERTY-INDUSTRIAL PROPERTY
690 _aPROPERTY-COMMERCIAL PROPERTY-COMMERCIAL PROPERTY MARKET
856 4 0 _uhttps://www.kingsturge.co.uk/research.aspx
_zView the item free of charge at www.kingsturge.co.uk
942 _n0
999 _c118917
_d118917